000 00550nam a2200217 a 4500
001 3316711
005 20180205075137.0
008 840625s1985 ilua b 001 0 eng
010 _a 84081416
020 _a025603009X
040 _aDLC
_cDLC
_dDLC
041 _aeng
080 _a658.0072 EMO
082 0 0 _a658.0072 EMO
_219
100 1 _a58
101 _aBIZ
245 1 0 _aBusiness research methods /
_cC. William Emory.
504 _aBibliography: p. 441-457.
906 _a7
_bcbc
_corignew
_d3
_eopcn
_f19
_gy-gencatlg
942 _2ddc
_cBK
999 _c41790
_d41790